[Event "Hannover-ch U16/18"]
[Site "Lehrte"]
[Date "2015.10.29"]
[Round "1"]
[White "Philipp, Louis"]
[Black "Grenz, Maximilian"]
[Result "0-1"]
[WhiteElo "825"]
[BlackElo "1088"]
[PlyCount "72"]
[EventDate "2015.10.29"]
[EventType "swiss"]
[EventRounds "7"]
[EventCountry "GER"]
[SourceTitle "EXT 2021"]
[Source "ChessBase"]
[SourceDate "2020.10.23"]
[SourceVersion "1"]
[SourceVersionDate "2020.10.23"]
[SourceQuality "1"]

1. e4 c5 2. Nc3 Nc6 3. Nf3 Nf6 4. d3 e6 5. Bg5 Be7 6. d4 cxd4 7. Nxd4 0-0 8. Qd2 Nxd4 9. Qxd4 Ng4 10. Bd2 e5 11. Qc4 Qb6 12. Nd1 Bc5 13. b4 Bxf2+ 14. Ke2 Bh4 15. h3 Nh6 16. Qc5 Qf6 17. Bc3 d6 18. Qe3 Bg5 19. Qg3 Qd8 20. h4 Bf6 21. Bd2 Ng4 22. Ne3 Nxe3 23. Bxe3 Kh8 24. Bg5 b6 25. b5 Bb7 26. Ke3 Rc8 27. c4 h6 28. Be2 Kg8 29. Rac1 hxg5 30. hxg5 Bxg5+ 31. Kd3 Bxc1 32. Qh3 Bh6 33. Qf5 Qg5 34. Qxg5 Bxg5 35. Bg4 Rcd8 36. Bf5 g6 0-1